Roosevelt, su vida y su obra política
Uloženo v:
| Hlavní autor: | |
|---|---|
| Médium: | Kniha |
| Jazyk: | španělština |
| Vydáno: |
Santiago
Nascimento
1941
|
| Vydání: | 3a. ed |
| Témata: | |
| Tagy: |
Přidat tag
Žádné tagy, Buďte první, kdo vytvoří štítek k tomuto záznamu!
|
MARC
| LEADER | 00000nam a2200000 a 4500 | ||
|---|---|---|---|
| 001 | UCJ4253 | ||
| 003 | CL-VaPUC | ||
| 008 | 070124e19410000CL |||||||||||||||||spa|d | ||
| 082 | 0 | 4 | |a 923 |b ROO |2 21 |
| 100 | 0 | |a Guixé, Juan |e author |9 507552 | |
| 245 | 1 | 0 | |a Roosevelt, su vida y su obra política |
| 250 | |a 3a. ed | ||
| 300 | |a 174 p | ||
| 942 | |c BK | ||
| 945 | |d 20070124 00:00:00 |a rinostro | ||
| 260 | |a Santiago |b Nascimento |c 1941 | ||
| 500 | |a Fotografía de Franklin Delano Roosevelt en la cubierta | ||
| 600 | 0 | 7 | |a ROOSEVELT, FRANKLIN DELANO |2 CL-VaPUC |9 341242 |
| 650 | 7 | |a BIOGRAFIA |2 CL-VaPUC |9 504622 | |
| 650 | 7 | |a PRESIDENTES NORTEAMERICANOS |2 CL-VaPUC |9 507553 | |
| 650 | 0 | |a Segunda Guerra Mundial |9 325982 | |
| 650 | 0 | |a Economía |9 255568 | |
| 650 | 0 | |a Diplomacia |9 256483 | |
| 650 | 0 | |a Iconografía |9 267998 | |
| 651 | 7 | |a ESTADOS UNIDOS DE NORTEAMERICA |2 CL-VaPUC |9 316036 | |
| 583 | |a last modification |c 20070124 00:00:00 |k Rodrigo Vera | ||
| 999 | |c 320370 |d 320368 | ||
| 952 | |0 0 |1 0 |4 0 |6 923_000000000000000_ROO_1941 |7 0 |8 X |9 398879 |a FDOBUD |b FDOBUD |d 2019-11-22 |i 1015907 |o 923 ROO 1941 |p 1015907 |r 2019-11-22 |w 2019-11-22 |y BK_X |k BUD | ||